000 01530na a2200349 4500
999 _c6710
_d6710
001 18132
003 MIRAKIL
005 20200618161434.0
008 161111b tu 000 0
035 _a18132
040 _aMilas
_btur
_cTR-AnCHP
041 _atur
082 _aCHP 323.1
_bC36r [2015]
090 _aCHP 323.1 C36r [2015]
110 _aCumhuriyet Halk Partisi (CHP)
_bTBMM Grup Başkanlığı
245 _aRoman vatandaşların sorunlarına dair çözüm paketi
_cCumhuriyet Halk Partisi
260 _aAnkara
_bCHP
_c[2015]
300 _a29 s.
_bres.
_c30 sm.
440 _aCumhuriyet Halk Partisi yayınları
500 _aCHP: Türkiye'nin birleştirici gücü
505 _aGenel değerlendirme ve sorunun tespiti - Romanların yaşadığı sosyal dışlanma sorununun kaynakları - Romanların sosyal dışlanma sorununu ortadan kaldıracak çözüm önerileri - Roman vatandaşların sorunlarının çözümü için TBMM'ye verilen araştırma önergeleri ve kanun teklifleri
610 _aCHP
_xAzınlıklar
_xRomanlar
_yÇözüm önerileri
610 _aCHP
_xİnsan hakları
_yÇözüm önerileri
610 _aCHP
_xÇözüm paketleri
_yAzınlıklar
650 _aRomanlar
_xSosyo ekonomik durum
_zTürkiye
650 _aİnsan hakları
_xAzınlıklar
_zTürkiye
740 _aCHP: Türkiye'nin birleştirici gücü
830 _aCHP yayınları
942 _cBKS
999 _d6710